00799pam a2200217 a 4500020001500000040000800015082002600023100001900049245005100068250001200119260004900131300004600180650001400226650002000240700001800260856006600278856006600344942000700410999001700417952014700434 a0412371707 cDLC00a621 CHA 1992 A042 Or.1 aBarrett, E. C.10aIntroduction to environmental remote sensing / a3rd ed. aLondon ;aNew York :bChapman & Hall,c1992. axiv, 426 p. :bill. (some col.) ;c25 cm. 0aGeography 0aRemote sensing.1 aCurtis, L. F.42uhttp://www.loc.gov/catdir/enhancements/fy0838/91036829-d.html41uhttp://www.loc.gov/catdir/enhancements/fy0838/91036829-t.html cEK c12782d12782 0010406621_000000000000000_CHA_1992_A042_CO70962870aLBAbLBAcA042d2017-08-17o621 CHA 1992 A042 Co.pA17262r2017-08-17w2017-08-17yEK